| 000 | 01924cam a22004457a 4500 | ||
|---|---|---|---|
| 001 | 16899712 | ||
| 005 | 20230321150335.0 | ||
| 008 | 110802s2012 njua b 001 0 eng d | ||
| 010 | _a 2011935625 | ||
| 015 |
_aGBB1D9384 _2bnb |
||
| 016 | 7 |
_a015986239 _2Uk |
|
| 020 | _a9780691151878 | ||
| 020 | _a0691151873 | ||
| 035 | _a(OCoLC)ocn772627669 | ||
| 040 |
_aUIU _beng _cUIU _dBTCTA _dUKMGB _dCOO _dYDXCP _dCDX _dBDX _dBWX _dIUL _dDEBBG _dNBU _dMUU _dNLE _dCUD _dCUY _dOCLCF _dDLC |
||
| 042 | _alccopycat | ||
| 050 | 0 | 0 |
_aQA315 _b.L54 2012 |
| 082 | 0 | 4 |
_a515.64 _223 _bLIB |
| 084 |
_aSK 660 _2rvk |
||
| 084 |
_aMAT 490f _2stub |
||
| 100 | 1 |
_aLiberzon, Daniel, _d1973- _9110950 |
|
| 245 | 1 | 0 |
_aCalculus of variations and optimal control theory : _ba concise introduction / _cDaniel Liberzon. |
| 260 |
_aPrinceton ; _aOxford : _bPrinceton University Press, _cc2012. |
||
| 300 |
_axv, 235 p. : _bill. ; _c27 cm. |
||
| 504 | _aIncludes bibliographical references (p. 225-230) and index. | ||
| 505 | 0 | _a1. Introduction -- 2. Calculus of variations -- 3. From calculus of variations to optimal control -- 4. The maximum principle -- 5. The Hamilton-Jacobi-Bellman equation -- 6. The linear quadratic regulator -- 7. Advanced topics. | |
| 650 | 0 |
_aCalculus of variations. _999187 |
|
| 650 | 0 | _aControl theory. | |
| 650 | 7 |
_aCalculus of variations. _2fast _999187 |
|
| 650 | 7 |
_aControl theory. _2fast _9110951 |
|
| 650 | 0 | 7 |
_aOptimale Kontrolle. _2gnd _9110952 |
| 650 | 0 | 7 |
_aVariationsrechnung. _2gnd _9110953 |
| 655 | 4 | _aLehrbuch. | |
| 856 | 4 | 2 |
_3Contributor biographical information _uhttp://www.loc.gov/catdir/enhancements/fy1409/2011935625-b.html |
| 856 | 4 | 2 |
_3Publisher description _uhttp://www.loc.gov/catdir/enhancements/fy1409/2011935625-d.html |
| 906 |
_a7 _bcbc _ccopycat _d2 _eepcn _f20 _gy-gencatlg |
||
| 942 |
_2ddc _cBK |
||
| 999 |
_c593980 _d593980 |
||